|
LDR
| 02017nam a2200565 a 4500 |
|---|
| 001 | 49100 |
|---|
| 003 | CZ-PrJAB |
|---|
| 005 | 20210902080948.0 |
|---|
| 007 | ta |
|---|
| 008 | 141120s2014 xr f 000 0 cze |
|---|
| 015 | | . |
‡acnb002639325 |
|---|
| 020 | | . |
‡a978-80-7412-166-1
‡q(brož.) :
‡cKč 290,00 |
|---|
| 035 | | . |
‡a(CZ PrNK)nkc20142639325 |
|---|
| 035 | | . |
‡a(OCoLC)900137559 |
|---|
| 040 | | . |
‡aABA001
‡bcze |
|---|
| 045 | | . |
‡ax0x1 |
|---|
| 072 | | 7. |
‡a27-4
‡xPraktická teologie. Morální teologie
‡2Konspekt
‡95 |
|---|
| 080 | | . |
‡a27-452
‡2MRF |
|---|
| 080 | | . |
‡a173
‡2MRF |
|---|
| 080 | | . |
‡a316.356.2
‡2MRF |
|---|
| 080 | | . |
‡a27
‡2MRF |
|---|
| 080 | | . |
‡a27-1
‡2MRF |
|---|
| 080 | | . |
‡a272-1/-9
‡2MRF |
|---|
| 080 | | . |
‡a27-46
‡2MRF |
|---|
| 080 | | . |
‡a(048.8:082)
‡2MRF |
|---|
| 245 | 0 | 0. |
‡aEvangelium pro rodinu dnešní doby :
‡bpastorační výzvy v podmínkách evangelizace : kolektivní monografie /
‡cPavel Ambros (ed.) |
|---|
| 250 | | . |
‡aVyd. 1. |
|---|
| 260 | | . |
‡aOlomouc :
‡bRefugium Velehrad-Roma,
‡c2014 |
|---|
| 300 | | . |
‡a283 s. ;
‡c21 cm |
|---|
| 490 | 1 | . |
‡aSoučasné otázky ;
‡v45 |
|---|
| 504 | | . |
‡aObsahuje bibliografii a bibliografické odkazy |
|---|
| 550 | | . |
‡aVydavatel: Centrum Aletti |
|---|
| 648 | | 7. |
‡a21. století
‡7ch460559
‡2czenas |
|---|
| 650 | 0 | 7. |
‡akřesťanské manželství
‡7ph115066
‡2czenas |
|---|
| 650 | 0 | 7. |
‡arodina
‡7ph117260
‡xkřesťanské pojetí
‡2czenas |
|---|
| 650 | 0 | 7. |
‡akřesťanská teologie
‡7ph115064
‡2czenas |
|---|
| 650 | 0 | 7. |
‡aučení katolické církve
‡7ph135482
‡2czenas |
|---|
| 650 | 0 | 7. |
‡apastorace
‡7ph123988
‡y21. století
‡2czenas |
|---|
| 650 | 0 | 9. |
‡aChristian marriage
‡2eczenas |
|---|
| 650 | 0 | 9. |
‡afamily
‡xChristian approach
‡2eczenas |
|---|
| 650 | 0 | 9. |
‡aChristian theology
‡2eczenas |
|---|
| 650 | 0 | 9. |
‡aCatholic doctrine
‡2eczenas |
|---|
| 650 | 0 | 9. |
‡apastoral care
‡y21st century
‡2eczenas |
|---|
| 655 | | 7. |
‡akolektivní monografie
‡7fd501537
‡2czenas |
|---|
| 655 | | 9. |
‡acollective monographs
‡2eczenas |
|---|
| 700 | 1 | . |
‡aAmbros, Pavel,
‡d1955-
‡7jn20000400028
‡4edt |
|---|
| 710 | 2 | . |
‡aJezuité.
‡bČeská provincie.
‡bCentrum Aletti Velehrad-Roma
‡7kn20020906019 |
|---|
| 830 | | 0. |
‡aSoučasné otázky |
|---|
| 910 | | . |
‡aABG312 |
|---|
| 995 | | . |
‡aska |
|---|
| 901 | | . |
‡a49100
‡bAUTOGEN
‡c49100
‡tbiblio |
|---|